[Event "Lichtenberger Sommer 2016"]
[Site "?"]
[Date "2016.08.18"]
[Round "6.28"]
[White "Vogel, Robert"]
[Black "Deutschbein, Christopher"]
[Result "1/2-1/2"]
[WhiteElo "2215"]
[BlackElo "2006"]
[PlyCount "36"]
[EventDate "2016.??.??"]
[WhiteTeam "SG Pang-Rosenheim"]
[BlackTeam "Eckernförder SC"]

1. d4 Nf6 2. c4 e6 3. Nc3 d5 4. Nf3 Bb4 5. cxd5 exd5 6. g3 O-O 7. Bg2 Ne4 8.
Bd2 Nxd2 9. Qxd2 c6 10. O-O Nd7 11. a3 Bxc3 12. Qxc3 Nf6 13. b4 Ne4 14. Qb2 Nd6
15. Nd2 Bf5 16. Rfe1 Qd7 17. a4 a6 18. Rad1 Rfe8 1/2-1/2

[Event "Lichtenberger Sommer 2016"]
[Site "?"]
[Date "2016.08.18"]
[Round "6.29"]
[White "Pluska, Alexander"]
[Black "Friedrich, Gerhard"]
[Result "1-0"]
[WhiteElo "2116"]
[BlackElo "1930"]
[PlyCount "42"]
[EventDate "2016.??.??"]
[WhiteTeam "SK Doppelbauer Kiel"]
[BlackTeam "SG Schwäbisch Gmünd"]

1. Nf3 d5 2. c4 e6 3. g3 Nf6 4. Bg2 Be7 5. O-O O-O 6. d4 c5 7. cxd5 Nxd5 8. Nc3
Nc6 9. Nxd5 Qxd5 10. Ne5 Qxd4 11. Nxc6 bxc6 12. Be3 Qxd1 13. Rfxd1 Ba6 14. Rd7
Bf6 15. Bxc5 Rfd8 16. Rad1 Rxd7 17. Rxd7 Bxb2 18. Bxc6 Rc8 19. Bb7 Bxb7 20.
Rxb7 g6 21. Bxa7 Rc2 1-0

[Event "Lichtenberger Sommer 2016"]
[Site "?"]
[Date "2016.08.18"]
[Round "6.30"]
[White "Hesse, Henrik"]
[Black "Jaeschke, Jens-Uwe"]
[Result "1/2-1/2"]
[WhiteElo "1903"]
[BlackElo "2144"]
[PlyCount "47"]
[EventDate "2016.??.??"]
[WhiteTeam "SV Mattnetz Berlin"]
[BlackTeam "SF Nordost Berlin"]

1. c4 e6 2. d4 d5 3. e3 c5 4. Nc3 Nf6 5. Nf3 a6 6. cxd5 exd5 7. Bd3 Nc6 8. h3
Bd6 9. O-O O-O 10. dxc5 Bxc5 11. e4 d4 12. Ne2 Re8 13. Qc2 Nb4 14. Qxc5 Nxd3
15. Qc4 Ne5 16. Nxe5 Rxe5 17. f3 d3 18. Qd4 Re8 19. Qxd8 Rxd8 20. Rd1 Bxh3 21.
Nf4 Be6 22. Nxd3 Bc4 23. Nf2 Rxd1+ 24. Nxd1 1/2-1/2

[Event "Lichtenberger Sommer 2016"]
[Site "?"]
[Date "2016.08.18"]
[Round "6.31"]
[White "Kohler, Thomas"]
[Black "Werner, Justus"]
[Result "1/2-1/2"]
[WhiteElo "2184"]
[BlackElo "1937"]
[PlyCount "28"]
[EventDate "2016.??.??"]
[WhiteTeam "SC Zitadelle Spandau"]
[BlackTeam "SG Stadtilm"]

1. c4 c5 2. g3 Nc6 3. Bg2 g6 4. Nc3 Bg7 5. Nf3 e6 6. d3 Nge7 7. Bg5 h6 8. Bd2
O-O 9. O-O b6 10. a3 Bb7 11. Rb1 d6 12. b4 Qd7 13. Nb5 Kh7 14. e3 e5 1/2-1/2

[Event "Lichtenberger Sommer 2016"]
[Site "?"]
[Date "2016.08.18"]
[Round "6.32"]
[White "Möller, Dustin"]
[Black "Muskewitz, Bernd"]
[Result "1-0"]
[WhiteElo "1985"]
[BlackElo "1951"]
[PlyCount "63"]
[EventDate "2016.??.??"]
[WhiteTeam "Eckernförder SC"]
[BlackTeam "SV Mattnetz Berlin"]

1. d4 d5 2. Bf4 c5 3. e3 Nc6 4. Nf3 Bg4 5. Be2 e6 6. Nbd2 Nf6 7. O-O cxd4 8.
exd4 Bd6 9. Bg5 h6 10. Bh4 Be7 11. c3 O-O 12. Re1 Bf5 13. Ne5 Nxe5 14. dxe5 Ne4
15. Bxe7 Qxe7 16. Nf3 Qc7 17. Bd3 Bh7 18. Qc2 Rac8 19. Nd4 Ng5 20. Bxh7+ Nxh7
21. f4 Qb6 22. Qb3 Qxb3 23. axb3 a6 24. b4 Rc4 25. g3 g5 26. f5 Re8 27. fxe6
fxe6 28. b5 Nf8 29. bxa6 bxa6 30. Rxa6 Rb8 31. Rf1 Nd7 32. Rxe6 1-0

[Event "Lichtenberger Sommer 2016"]
[Site "?"]
[Date "2016.08.18"]
[Round "6.33"]
[White "Jaeger, Andre"]
[Black "Gallien, Fabian"]
[Result "1/2-1/2"]
[WhiteElo "1949"]
[BlackElo "2146"]
[PlyCount "25"]
[EventDate "2016.??.??"]
[WhiteTeam "SC Rochade (Berlin)"]
[BlackTeam "SW Lichtenrade"]

1. d4 d5 2. c4 dxc4 3. Nf3 Nf6 4. e3 Bg4 5. Bxc4 e6 6. h3 Bh5 7. Qb3 Bxf3 8.
gxf3 c5 9. Qxb7 Nbd7 10. Nc3 Rb8 11. Qxa7 Ra8 12. Qb7 Rb8 13. Qa7 1/2-1/2

[Event "Lichtenberger Sommer 2016"]
[Site "?"]
[Date "2016.08.18"]
[Round "6.34"]
[White "Stark, Ingo"]
[Black "Eisheh, Jens-Tarek"]
[Result "1/2-1/2"]
[WhiteElo "2183"]
[BlackElo "1828"]
[PlyCount "100"]
[EventDate "2016.??.??"]
[WhiteTeam "TSG Oberschöneweide"]
[BlackTeam "Lübecker SV"]

1. e4 e5 2. Nf3 Nc6 3. Bb5 a6 4. Ba4 Nf6 5. O-O Be7 6. Re1 b5 7. Bb3 O-O 8. c3
d5 9. exd5 Nxd5 10. Nxe5 Nxe5 11. Rxe5 c6 12. d3 Bd6 13. Re1 Bf5 14. Bxd5 cxd5
15. g3 Qf6 16. Be3 Qg6 17. d4 Bg4 18. f3 Bh3 19. Bf2 Rae8 20. Nd2 f5 21. Qb3 h5
22. Qxd5+ Kh8 23. Kh1 Bf4 24. Nf1 Bb8 25. f4 Re4 26. Rxe4 fxe4 27. Ne3 Kh7 28.
a4 bxa4 29. Rxa4 Bxf4 30. gxf4 Rxf4 31. Ra5 Rf5 32. Qxf5 Bxf5 33. Rxf5 Qb6 34.
b4 g6 35. Re5 Qf6 36. Kg1 Qf3 37. h4 Kg7 38. Re6 g5 39. hxg5 h4 40. Rf6 Qe2 41.
Nf5+ Kg8 42. Bxh4 Qd1+ 43. Kf2 Qf3+ 44. Kg1 Qd1+ 45. Kh2 Qe2+ 46. Kh3 Qf1+ 47.
Kg3 Qf3+ 48. Kh2 Qe2+ 49. Kg3 Qf3+ 50. Kh2 Qe2+ 1/2-1/2

[Event "Lichtenberger Sommer 2016"]
[Site "?"]
[Date "2016.08.18"]
[Round "6.35"]
[White "Bladt, Johannes"]
[Black "Schulz, Michael"]
[Result "0-1"]
[WhiteElo "1874"]
[BlackElo "2120"]
[PlyCount "74"]
[EventDate "2016.??.??"]
[WhiteTeam "SK Singen"]
[BlackTeam "SC Zitadelle Spandau"]

1. e4 c5 2. Nf3 Nc6 3. d4 cxd4 4. Nxd4 g6 5. c4 Bg7 6. Be3 d6 7. Nc3 Nf6 8. Be2
O-O 9. O-O Bd7 10. Qd2 Nxd4 11. Bxd4 Bc6 12. f3 Nd7 13. Nd5 Bxd4+ 14. Qxd4 Bxd5
15. cxd5 Qb6 16. Qxb6 Nxb6 17. Rac1 Rac8 18. b3 Kg7 19. Kf2 f5 20. Ke3 f4+ 21.
Kd4 Kf6 22. Bc4 Rc7 23. Rc3 Rfc8 24. Rfc1 Nd7 25. a4 a5 26. R3c2 Nc5 27. g3 g5
28. g4 h5 29. gxh5 Rh8 30. Rg1 Rxh5 31. Rcg2 Nd7 32. h4 Ne5 33. hxg5+ Rxg5 34.
Be2 Rxg2 35. Rxg2 Rc2 36. Bf1 Nxf3+ 37. Kd3 Ne1+ 0-1

[Event "Lichtenberger Sommer 2016"]
[Site "?"]
[Date "2016.08.18"]
[Round "6.36"]
[White "Dathe, Frederick"]
[Black "Kather, Yannick"]
[Result "1/2-1/2"]
[WhiteElo "1884"]
[BlackElo "2037"]
[PlyCount "20"]
[EventDate "2016.??.??"]
[WhiteTeam "SC Kreuzberg"]
[BlackTeam "SC Weisse Dame (Berlin)"]

1. d4 Nf6 2. Bg5 e6 3. Nf3 d5 4. e3 Nbd7 5. Bd3 c5 6. c3 Bd6 7. O-O Qc7 8. Nbd2
b6 9. e4 dxe4 10. Nxe4 Be7 1/2-1/2

[Event "Lichtenberger Sommer 2016"]
[Site "?"]
[Date "2016.08.18"]
[Round "6.37"]
[White "Schmalzried, Volker"]
[Black "Wirth, Heinz"]
[Result "1/2-1/2"]
[WhiteElo "1870"]
[BlackElo "1996"]
[PlyCount "94"]
[EventDate "2016.??.??"]
[WhiteTeam "vereinslos"]
[BlackTeam "SC Weisse Dame (Berlin)"]

1. c4 Nf6 2. Nc3 d5 3. cxd5 Nxd5 4. g3 g6 5. Bg2 Nb6 6. Nf3 Bg7 7. O-O O-O 8.
d4 Nc6 9. e3 Re8 10. b3 e5 11. dxe5 Nxe5 12. Nxe5 Bxe5 13. Bb2 c6 14. Qc2 Qe7
15. Rad1 a5 16. Rd2 a4 17. Nxa4 Nxa4 18. Bxe5 Qxe5 19. bxa4 Qa5 20. Rd4 Be6 21.
Rb1 Ra7 22. Rdb4 Bc8 23. Bf1 Rd8 24. Qb3 Qc7 25. Rf4 Be6 26. Bc4 Bd5 27. Bxd5
Rxd5 28. Rb4 Rd7 29. Rb6 c5 30. Qc4 Rd1+ 31. Rxd1 Qxb6 32. Rd7 Qf6 33. Qxc5
Rxa4 34. Rxb7 Ra8 35. Ra7 Rb8 36. Qd5 Rb2 37. f4 h5 38. Rb7 Re2 39. Rb8+ Kg7
40. Qd4 Qxd4 41. exd4 Rd2 42. Rb1 Rxd4 43. Ra1 Ra4 44. a3 Kf6 45. Kf2 h4 46.
Kf3 hxg3 47. hxg3 g5 1/2-1/2

[Event "Lichtenberger Sommer 2016"]
[Site "?"]
[Date "2016.08.18"]
[Round "6.38"]
[White "Schmidt, Jürgen"]
[Black "Rüegsegger, Beat"]
[Result "1-0"]
[WhiteElo "1944"]
[BlackElo "2011"]
[PlyCount "67"]
[EventDate "2016.??.??"]
[WhiteTeam "SC Kreuzberg"]
[BlackTeam "Trubschachen"]

1. e4 e5 2. Nf3 Nc6 3. Bb5 a6 4. Ba4 Nf6 5. O-O b5 6. Bb3 Bc5 7. c3 d6 8. d4
Bb6 9. dxe5 dxe5 10. Qe2 Qe7 11. a4 Rb8 12. axb5 axb5 13. Bd5 Bd7 14. Na3 Nd8
15. Bg5 h6 16. Bh4 c6 17. Bb3 g5 18. Bg3 Bc7 19. Nc2 h5 20. h4 Nh7 21. Ra7 Rb7
22. Rxb7 Nxb7 23. Ra1 Na5 24. Rxa5 Bxa5 25. Nxe5 gxh4 26. Bxf7+ Kd8 27. Bxh4
Qxh4 28. Qd3 Nf8 29. Nxc6+ Kc8 30. Nxa5 Qf6 31. Qd5 Qb6 32. b4 Be6 33. Bxe6+
Nxe6 34. Nd4 1-0

[Event "Lichtenberger Sommer 2016"]
[Site "?"]
[Date "2016.08.18"]
[Round "6.39"]
[White "Hoffbauer, Joerg"]
[Black "Albert, Jörg"]
[Result "0-1"]
[WhiteElo "1765"]
[BlackElo "2149"]
[PlyCount "82"]
[EventDate "2016.??.??"]
[WhiteTeam "BSG Bund (FV Schach)"]
[BlackTeam "SV Eiche Reichenbrand"]

1. e4 c6 2. e5 d5 3. exd6 Qxd6 4. d4 Nf6 5. Nf3 Bf5 6. Nh4 Bg6 7. g3 Nbd7 8. f4
O-O-O 9. Nxg6 hxg6 10. Be3 Nd5 11. Bf2 g5 12. f5 e5 13. fxe6 Re8 14. Be2 Qxe6
15. Qd3 Nb4 16. Qd2 Qe4 17. Rf1 Nxc2+ 18. Kd1 Nxa1 19. Nc3 Qc2+ 20. Qxc2 Nxc2
21. Kxc2 Rxh2 22. Bg4 Kc7 23. Kb3 Nf6 24. Bf3 g4 25. Bh1 Bd6 26. d5 Reh8 27.
Be4 Nxe4 28. Nxe4 cxd5 29. Nc3 Kc6 30. Bxa7 f6 31. Rc1 Rg2 32. Na4+ Kd7 33.
Nb6+ Ke6 34. Re1+ Be5 35. Na4 Rxg3+ 36. Kb4 Kf7 37. b3 d4 38. Rd1 d3 39. Bf2
Rf3 40. Be1 Rh1 41. Nc5 d2 0-1

[Event "Lichtenberger Sommer 2016"]
[Site "?"]
[Date "2016.08.18"]
[Round "6.40"]
[White "Guenther, Thomas"]
[Black "Schröter, Maik"]
[Result "1/2-1/2"]
[WhiteElo "2044"]
[BlackElo "1904"]
[PlyCount "96"]
[EventDate "2016.??.??"]
[WhiteTeam "SV Senat (FV Schach)"]
[BlackTeam "SG Stadtilm"]

1. d4 Nf6 2. Nf3 e6 3. c4 b6 4. a3 Bb7 5. Nc3 d5 6. Bg5 Be7 7. e3 Nbd7 8. b4
O-O 9. Qc2 c5 10. dxc5 bxc5 11. b5 Qa5 12. Qd2 Rfd8 13. cxd5 exd5 14. Be2 Nf8
15. O-O Ne6 16. Bh4 d4 17. Nd5 Qxd2 18. Nxe7+ Kf8 19. Nxd2 Kxe7 20. Nc4 g5 21.
Bg3 Ne4 22. Bf3 Bd5 23. Na5 Kf6 24. Nc6 Bxc6 25. bxc6 Nd2 26. c7 Nxf3+ 27. gxf3
Rdc8 28. exd4 Nxd4 29. Kg2 Ne6 30. Rac1 Nxc7 31. Rxc5 Ne6 32. Ra5 a6 33. h3 Rc4
34. Rb1 Rc6 35. Re1 Kg6 36. Ree5 h6 37. Rad5 Rac8 38. Rd7 Ra8 39. Ra5 Kf6 40.
Be5+ Kg6 41. Rd6 Rxd6 42. Bxd6 Ra7 43. Ra4 Ra8 44. Kg3 Ng7 45. Be5 Nf5+ 46. Kh2
Nh4 47. Kg3 Nf5+ 48. Kh2 Nh4 1/2-1/2

[Event "Lichtenberger Sommer 2016"]
[Site "?"]
[Date "2016.08.18"]
[Round "6.41"]
[White "Wörz, Markus"]
[Black "Ritter, Uwe"]
[Result "1/2-1/2"]
[WhiteElo "2055"]
[BlackElo "1928"]
[PlyCount "110"]
[EventDate "2016.??.??"]
[WhiteTeam "SC Kreuzberg"]
[BlackTeam "Reideburger SV"]

1. d4 f5 2. g3 Nf6 3. Bg2 g6 4. Nf3 Bg7 5. O-O O-O 6. Nbd2 d6 7. b3 e5 8. dxe5
Nfd7 9. Bb2 Nxe5 10. Nd4 f4 11. Rb1 c6 12. c4 Bg4 13. f3 Bd7 14. Re1 d5 15.
cxd5 cxd5 16. Nf1 Qb6 17. Kh1 Nbc6 18. Qd2 g5 19. g4 Nxg4 20. fxg4 Nxd4 21.
Red1 f3 22. exf3 Rf4 23. Ng3 Be8 24. Rbc1 Bf7 25. Nh5 Bxh5 26. gxh5 h6 27. Qf2
Raf8 28. Rd3 g4 29. Rcd1 gxf3 30. Bf1 Ne2 31. Qxb6 axb6 32. Bxg7 Kxg7 33. Rxd5
Rg4 34. h3 Re4 35. Kh2 Rf7 36. Rd6 Nc3 37. Rg6+ Kf8 38. Rc1 Nd5 39. Bc4 Rd4 40.
Kg3 f2 41. Rf1 Ne3 42. Rxf2 Rxf2 43. Kxf2 Nxc4 44. bxc4 Rxc4 45. Rxb6 Rc2+ 46.
Kg3 Rxa2 47. Rxb7 Kg8 48. Rb6 Kg7 49. Rg6+ Kh7 50. Rg4 Ra3+ 51. Kh4 Ra5 52. Rc4
Ra7 53. Rb4 Rc7 54. Kg4 Ra7 55. h4 Rc7 1/2-1/2

[Event "Lichtenberger Sommer 2016"]
[Site "?"]
[Date "2016.08.18"]
[Round "6.43"]
[White "Ollek, Karl-Heinz"]
[Black "Kötz, Andreas"]
[Result "0-1"]
[WhiteElo "1739"]
[BlackElo "2027"]
[PlyCount "62"]
[EventDate "2016.??.??"]
[WhiteTeam "SC Friesen Lichtenberg"]
[BlackTeam "SC Zitadelle Spandau"]

1. Nf3 Nf6 2. c4 g6 3. d4 Bg7 4. Nc3 d6 5. e4 O-O 6. Be2 e5 7. d5 a5 8. O-O Na6
9. Be3 Ng4 10. Bd2 f5 11. Bg5 Qe8 12. h3 Nf6 13. exf5 gxf5 14. Nh2 Kh8 15. Rb1
Qg6 16. h4 Rg8 17. g4 h6 18. Bxf6 Bxf6 19. h5 Qxh5 20. Kh1 Qh4 21. Rg1 Bg5 22.
Rg2 Bf4 23. f3 Bd7 24. Qe1 Qxe1+ 25. Rxe1 Rg7 26. Bf1 Nc5 27. Ne2 Bd2 28. Rd1
Be3 29. gxf5 Rxg2 30. Kxg2 Rg8+ 31. Kh3 Bxf5+ 0-1

[Event "Lichtenberger Sommer 2016"]
[Site "?"]
[Date "2016.08.18"]
[Round "6.44"]
[White "Shapiro, Yosip"]
[Black "Casny, Guenter"]
[Result "1-0"]
[WhiteElo "2090"]
[BlackElo "1862"]
[PlyCount "161"]
[EventDate "2016.??.??"]
[WhiteTeam "SV Berolina Mitte"]
[BlackTeam "SC Rochade (Berlin)"]

1. c4 c5 2. Nc3 Nc6 3. Nf3 d6 4. g3 Nf6 5. Bg2 e6 6. O-O Bd7 7. e3 Rb8 8. d4
cxd4 9. exd4 d5 10. Bf4 Rc8 11. cxd5 Nxd5 12. Nxd5 exd5 13. Qb3 Be7 14. Qxb7
O-O 15. Ne5 Rc7 16. Nxc6 Rxb7 17. Nxd8 Rxd8 18. b3 Be6 19. Rac1 g5 20. Be3 h6
21. Rc6 Ba3 22. Ra6 Bb4 23. Rc1 Bf8 24. Bf1 Rdd7 25. Bd3 Rdc7 26. Rac6 Rxc6 27.
Rxc6 Bg7 28. f4 gxf4 29. gxf4 Rb4 30. f5 Bxd4 31. Kf2 Bxe3+ 32. Kxe3 Rh4 33.
fxe6 fxe6 34. Rxe6 Rxh2 35. Ra6 h5 36. Kd4 Rd2 37. Ke3 Rh2 38. Rxa7 h4 39. Bf5
h3 40. Be6+ Kf8 41. Bxd5 Rb2 42. a4 h2 43. Rf7+ Ke8 44. Rf2 Rxb3+ 45. Ke2 Rb1
46. Rf1 Rb2+ 47. Kd3 Ke7 48. Kc3 Re2 49. a5 Kd6 50. Bb7 Re3+ 51. Kd2 Ra3 52. a6
Kc7 53. Ke2 Kb8 54. Kf2 Ka7 55. Kg2 Ra2+ 56. Kh3 Kb6 57. Rh1 Ra3+ 58. Kxh2 Ka7
59. Kg2 Kb6 60. Rh3 Ra2+ 61. Kg3 Ra4 62. Rh4 Ra1 63. Rh6+ Ka7 64. Kf4 Ra5 65.
Ke4 Ra1 66. Kd5 Rd1+ 67. Kc6 Rc1+ 68. Kd6 Rd1+ 69. Kc7 Rg1 70. Bc8 Rc1+ 71. Rc6
Rb1 72. Be6 Rb7+ 73. Kd6 Rb2 74. Bc4 Rd2+ 75. Kc5 Rd7 76. Bd5 Rd8 77. Rc7+ Kb8
78. Rb7+ Kc8 79. Be6+ Rd7 80. Bxd7+ Kd8 81. Bh3 1-0

[Event "Lichtenberger Sommer 2016"]
[Site "?"]
[Date "2016.08.18"]
[Round "6.45"]
[White "Neumann, Thomas"]
[Black "Rollwitz, Jürgen"]
[Result "1-0"]
[WhiteElo "2151"]
[BlackElo "1951"]
[PlyCount "91"]
[EventDate "2016.??.??"]
[WhiteTeam "Borussia Friedrichsfelde"]
[BlackTeam "SC Rochade (Berlin)"]

1. e4 d6 2. d4 Nf6 3. Nc3 e5 4. Nf3 exd4 5. Nxd4 Be7 6. Be2 O-O 7. Be3 Nc6 8.
f4 d5 9. e5 Ne4 10. Nxe4 dxe4 11. Nxc6 bxc6 12. Bc4 a5 13. Qxd8 Rxd8 14. Kf2
Ba6 15. Bxa6 Rxa6 16. Rhd1 Raa8 17. Ke2 f5 18. exf6 Bxf6 19. c3 a4 20. Bd4 Rab8
21. Rab1 Kf7 22. g4 h6 23. Ke3 c5 24. Bxf6 Kxf6 25. Rxd8 Rxd8 26. Kxe4 Rd2 27.
h4 g5 28. fxg5+ hxg5 29. Rf1+ Kg6 30. h5+ Kg7 31. Rf5 Rxb2 32. Rxg5+ Kh6 33.
Rxc5 Rxa2 34. Rc6+ Kg7 35. Rxc7+ Kh6 36. Rc6+ Kg7 37. g5 Re2+ 38. Kd3 Re7 39.
h6+ Kh7 40. Ra6 a3 41. Rxa3 Kg6 42. Ra5 Kh7 43. Ra6 Re8 44. Ra7+ Kh8 45. g6 Rg8
46. Rh7# 1-0

[Event "Lichtenberger Sommer 2016"]
[Site "?"]
[Date "2016.08.18"]
[Round "6.46"]
[White "Böhm, Uwe"]
[Black "Lange, Cecilia"]
[Result "1/2-1/2"]
[WhiteElo "2138"]
[BlackElo "1858"]
[PlyCount "63"]
[EventDate "2016.??.??"]
[WhiteTeam "SK Siemens München"]
[BlackTeam "TSG Oberschöneweide"]

1. f4 d5 2. Nf3 Bg4 3. e3 Nf6 4. Be2 c6 5. O-O Nbd7 6. b3 Bxf3 7. Bxf3 e5 8.
fxe5 Nxe5 9. Bb2 Bd6 10. Nc3 Qc7 11. h3 O-O 12. Ne2 Nxf3+ 13. Rxf3 Be5 14. Bxe5
Qxe5 15. Nf4 d4 16. Nd3 Qd6 17. Nf2 Rfe8 18. exd4 Qxd4 19. c3 Qd6 20. d3 Re7
21. Qf1 Rae8 22. b4 Qe5 23. d4 Qe2 24. Qxe2 Rxe2 25. a4 a6 26. Kf1 Nd5 27. Rc1
Ra2 28. a5 Ree2 29. Re1 Ne3+ 30. Rxe3 Rxf2+ 31. Kg1 Rxg2+ 32. Kh1 1/2-1/2

[Event "Lichtenberger Sommer 2016"]
[Site "?"]
[Date "2016.08.18"]
[Round "6.47"]
[White "Poseck, Steffen"]
[Black "Kling, Maximilian"]
[Result "1-0"]
[WhiteElo "2039"]
[BlackElo "1804"]
[PlyCount "91"]
[EventDate "2016.??.??"]
[WhiteTeam "BSV 63 Chemie Weißensee"]
[BlackTeam "SK Kriegshaber"]

1. b3 e6 2. Bb2 d5 3. e3 c5 4. f4 Nc6 5. Nf3 f5 6. Bb5 Nf6 7. Ne5 Bd7 8. Nxd7
Qxd7 9. O-O Be7 10. a4 a6 11. Be2 O-O 12. Na3 Ne4 13. Qe1 Bf6 14. Bxf6 Rxf6 15.
d3 Nd6 16. Rf3 Rh6 17. Rg3 Qe7 18. Bf3 Qh4 19. h3 Nb4 20. Rd1 Qf6 21. c3 Nc6
22. Nc2 Nf7 23. e4 Rd8 24. exd5 exd5 25. Ne3 d4 26. Nd5 Qd6 27. b4 Re6 28. Qd2
cxb4 29. cxb4 Ne7 30. Nxe7+ Qxe7 31. Qa2 Re1+ 32. Kh2 Rxd1 33. Bxd1 Qxb4 34.
Bb3 Qe7 35. Be6 b5 36. axb5 axb5 37. Bxf5 Rb8 38. Rf3 Kh8 39. Qd5 Qf6 40. g4 b4
41. g5 Rd8 42. gxf6 Rxd5 43. Be6 Rb5 44. Bxf7 b3 45. Rg3 g6 46. Rg1 1-0

[Event "Lichtenberger Sommer 2016"]
[Site "?"]
[Date "2016.08.18"]
[Round "6.48"]
[White "Kröncke, Manfred"]
[Black "Kautz, Stefan"]
[Result "1-0"]
[WhiteElo "2039"]
[BlackElo "1935"]
[PlyCount "67"]
[EventDate "2016.??.??"]
[WhiteTeam "SG Glückstadt"]
[BlackTeam "SC Empor Maulwurf Bonn"]

1. e4 c5 2. Nf3 d6 3. Bb5+ Bd7 4. a4 Nc6 5. O-O Nf6 6. d3 e6 7. Bg5 Be7 8. Nbd2
O-O 9. Re1 Qc7 10. Nc4 e5 11. Ne3 a6 12. Bxc6 Bxc6 13. a5 h6 14. Bh4 g6 15. Nd2
Kg7 16. Rf1 Nh5 17. Bxe7 Qxe7 18. Qxh5 gxh5 19. Nf5+ Kf6 20. Nxe7 Kxe7 21. f4
f6 22. fxe5 fxe5 23. Rxf8 Rxf8 24. Rf1 Rxf1+ 25. Nxf1 Bd7 26. Kf2 Kf6 27. Nd2
Be6 28. Kg3 Kg5 29. h3 Bf7 30. Nf3+ Kf6 31. Kh4 Kg6 32. Nd2 Kf6 33. Nc4 d5 34.
Nd6 1-0

[Event "Lichtenberger Sommer 2016"]
[Site "?"]
[Date "2016.08.18"]
[Round "6.49"]
[White "Kapr, Klaus"]
[Black "Bonke, Hans-Jürgen"]
[Result "1-0"]
[WhiteElo "1990"]
[BlackElo "1893"]
[PlyCount "75"]
[EventDate "2016.??.??"]
[WhiteTeam "SC Friesen Lichtenberg"]
[BlackTeam "SC Kreuzberg"]

1. e4 g6 2. d4 Bg7 3. Nc3 d6 4. f4 e6 5. Nf3 a6 6. a4 b6 7. Be2 Ne7 8. O-O h6
9. Be3 O-O 10. Qd2 Kh7 11. Rad1 Nd7 12. g4 f5 13. h3 Bb7 14. exf5 exf5 15. g5
h5 16. b4 c6 17. Nb1 Nd5 18. Bf2 a5 19. b5 c5 20. c4 Nb4 21. dxc5 Nxc5 22. Qxd6
Nxa4 23. Nh4 Qe8 24. Bxb6 Nxb6 25. Qxb6 Rb8 26. Rfe1 Ba8 27. Qf2 Nc2 28. Bxh5
Qxe1+ 29. Rxe1 Bd4 30. Re7+ Kg8 31. Bxg6 Bxf2+ 32. Kxf2 Rb6 33. Bh7+ Kh8 34. c5
Re6 35. Rxe6 Kxh7 36. c6 Nd4 37. Re7+ Kg8 38. Nc3 1-0

[Event "Lichtenberger Sommer 2016"]
[Site "?"]
[Date "2016.08.18"]
[Round "6.50"]
[White "Püschel, Werner"]
[Black "Schmidt, Fabian"]
[Result "1-0"]
[WhiteElo "2028"]
[BlackElo "1810"]
[PlyCount "169"]
[EventDate "2016.??.??"]
[WhiteTeam "Lasker Steglitz-Wilmersdorf"]
[BlackTeam "Königsjäger Süd-West"]

1. e4 c5 2. Nf3 d6 3. Bb5+ Bd7 4. a4 Nf6 5. Nc3 Nc6 6. O-O e6 7. Re1 Be7 8. d4
Nxd4 9. Nxd4 cxd4 10. Qxd4 a6 11. Bxd7+ Qxd7 12. h3 O-O 13. Be3 Qc6 14. a5 Rac8
15. Re2 Nd7 16. Qd1 Ne5 17. Bd4 Ng6 18. g3 Ne5 19. Bxe5 dxe5 20. Ra4 Rfd8 21.
Rd2 Rxd2 22. Qxd2 Rd8 23. Qe3 Bc5 24. Qe2 Rd4 25. b3 Bb4 26. Na2 Bc3 27. Rxd4
Bxd4 28. Qc4 Qxc4 29. bxc4 Kf8 30. Kf1 Ke7 31. Ke2 Kd6 32. c3 Ba7 33. f3 Kc5
34. Kd3 Bb8 35. Nc1 Bc7 36. Nb3+ Kc6 37. Kc2 Bd6 38. Kb2 Be7 39. g4 g6 40. Nc1
Bd8 41. Nb3 Be7 42. Kc2 Bd8 43. Kd3 Be7 44. Ke3 Bg5+ 45. Kd3 Bh4 46. Ke2 Be7
47. Kd1 Bd8 48. Kc2 Be7 49. Kb1 Bd8 50. Ka2 Be7 51. Nc1 Bd8 52. Nd3 f6 53. g5
fxg5 54. Nxe5+ Kc5 55. Kb3 Bxa5 56. Nf7 h5 57. Nxg5 Kd6 58. f4 Ke7 59. Nf3 Bc7
60. e5 Bb6 61. Ne1 Kf7 62. Nd3 Ke7 63. c5 Bc7 64. Nb4 Kd7 65. c6+ bxc6 66. Nxa6
Bb6 67. Nb4 Be3 68. Nd3 Kc7 69. c4 Kb6 70. Kb4 Bd2+ 71. Ka4 Be3 72. Kb4 Bd2+
73. Kb3 Be3 74. Kc2 Bg1 75. Kd2 Ka5 76. Ne1 Bc5 77. Nf3 Kb4 78. Kd3 Bf2 79. Ng5
Bg3 80. Nxe6 c5 81. Nf8 Bxf4 82. Nxg6 Bg5 83. e6 Bf6 84. e7 Bxe7 85. Nxe7 1-0

[Event "Lichtenberger Sommer 2016"]
[Site "?"]
[Date "2016.08.18"]
[Round "6.51"]
[White "Junge, Wolfgang"]
[Black "Witte, Ronald"]
[Result "1/2-1/2"]
[WhiteElo "1875"]
[BlackElo "2023"]
[PlyCount "60"]
[EventDate "2016.??.??"]
[WhiteTeam "SC Friesen Lichtenberg"]
[BlackTeam "BSV 63 Chemie Weißensee"]

1. d4 d5 2. c4 c6 3. Nf3 Nf6 4. Nc3 e6 5. e3 Nbd7 6. Qc2 Bd6 7. Bd3 dxc4 8.
Bxc4 b5 9. Be2 Bb7 10. O-O a6 11. Rd1 Qc7 12. e4 e5 13. dxe5 Nxe5 14. Nxe5 Bxe5
15. g3 O-O 16. Bf3 c5 17. Nd5 Nxd5 18. exd5 Rad8 19. Be3 c4 20. Rac1 Qd6 21.
Qe2 Rfe8 22. a4 f5 23. Qd2 Rf8 24. Bd4 Bxd4 25. Qxd4 f4 26. g4 Qf6 27. Qxf6
Rxf6 28. axb5 axb5 29. b3 cxb3 30. Rb1 Rdd6 1/2-1/2

[Event "Lichtenberger Sommer 2016"]
[Site "?"]
[Date "2016.08.18"]
[Round "6.52"]
[White "Richter, Götz"]
[Black "Lieder, Günter"]
[Result "1-0"]
[WhiteElo "2009"]
[BlackElo "1866"]
[PlyCount "93"]
[EventDate "2016.??.??"]
[WhiteTeam "Klub Kölner SF"]
[BlackTeam "SK Turm Bad Hersfeld"]

1. d4 d5 2. c4 e6 3. Nc3 Nf6 4. cxd5 exd5 5. Bg5 c6 6. Qc2 Bg4 7. e3 Be7 8. Bd3
Nbd7 9. f3 Bh5 10. Nge2 Bg6 11. Rd1 Bxd3 12. Rxd3 h6 13. Bh4 g5 14. Bg3 h5 15.
h3 Nf8 16. Kd1 Ng6 17. Kc1 a5 18. e4 a4 19. exd5 cxd5 20. a3 Qd7 21. Kb1 b5 22.
Na2 Kf8 23. Rc3 b4 24. Nxb4 Bxb4 25. axb4 Qb7 26. Bd6+ Kg7 27. Ng3 Rhc8 28. Rc1
Rxc3 29. Qxc3 Ne8 30. Bc5 Nf4 31. Qe3 f6 32. Nf5+ Kf7 33. Qxe8+ Rxe8 34. Nd6+
Kg6 35. Nxb7 Nxg2 36. Nd6 Re3 37. Rc3 Re1+ 38. Rc1 Re3 39. b5 Rxf3 40. b6 Rxh3
41. Rc3 Rh1+ 42. Ka2 h4 43. b7 h3 44. b8=Q h2 45. Qe8+ Kh7 46. Qh5+ Kg7 47.
Nf5+ 1-0

[Event "Lichtenberger Sommer 2016"]
[Site "?"]
[Date "2016.08.18"]
[Round "6.53"]
[White "Nofal, Jameel"]
[Black "Wolff, Marie Antoinette"]
[Result "1-0"]
[WhiteElo "1900"]
[BlackElo "1770"]
[PlyCount "63"]
[EventDate "2016.??.??"]
[WhiteTeam "vereinslos"]
[BlackTeam "Leegebrucher SF"]

1. e4 c5 2. Nc3 Nc6 3. f4 e6 4. Nf3 Nge7 5. Bb5 d6 6. O-O Bd7 7. Kh1 g6 8. d4
cxd4 9. Nxd4 Bg7 10. Nxc6 Bxc6 11. Bxc6+ bxc6 12. Be3 O-O 13. Bd4 e5 14. fxe5
dxe5 15. Bc5 Qc7 16. Qf3 f5 17. Qh3 Rf7 18. Rf2 f4 19. Rd1 Rd8 20. Rfd2 Re8 21.
Rd7 Qa5 22. b4 Qa6 23. Qe6 Bf6 24. Nd5 Kg7 25. Nxf6 Rxf6 26. Rxe7+ Rxe7 27.
Qxe7+ Rf7 28. Qxe5+ Kh6 29. Be7 Qe2 30. Rg1 f3 31. Bg5+ Kh5 32. g4# 1-0

[Event "Lichtenberger Sommer 2016"]
[Site "?"]
[Date "2016.08.18"]
[Round "6.54"]
[White "Krüger, Ekkehard"]
[Black "Willich, Manfred"]
[Result "1-0"]
[WhiteElo "1818"]
[BlackElo "1969"]
[PlyCount "85"]
[EventDate "2016.??.??"]
[WhiteTeam "Narva Berlin"]
[BlackTeam "SK Turm Bad Hersfeld"]

1. e4 c5 2. Nf3 e6 3. d4 cxd4 4. Nxd4 a6 5. Be2 Nf6 6. Qd3 Qc7 7. c4 Nc6 8. a3
Nxd4 9. Qxd4 Bc5 10. Qd3 O-O 11. Nc3 b6 12. b4 Be7 13. Bb2 Bb7 14. Rc1 Rac8 15.
f3 Rfd8 16. Qd4 Ba8 17. e5 Ne8 18. Ne4 Bxe4 19. Qxe4 Qc6 20. Qe3 d6 21. O-O
dxe5 22. Bxe5 Bf6 23. f4 Bxe5 24. fxe5 Qc7 25. c5 bxc5 26. Bxa6 Ra8 27. Rxc5
Qa7 28. Qf2 Rd5 29. Rxd5 Qxf2+ 30. Kxf2 exd5 31. Bb7 Rxa3 32. Bxd5 Kf8 33. Ke2
f6 34. b5 Ke7 35. Rb1 Nc7 36. b6 Na6 37. exf6+ gxf6 38. Be4 h6 39. b7 Nb8 40.
Rc1 Ra4 41. Rc8 Rb4 42. Ke3 Na6 43. Ra8 1-0